Foreign trade in India : (Record no. 66236)

MARC details
000 -LEADER
fixed length control field 00472nam a22001577a 4500
005 - DATE AND TIME OF LATEST TRANSACTION
control field 20181218130738.0
020 ## - INTERNATIONAL STANDARD BOOK NUMBER
International Standard Book Number 8177080024
Terms of availability 380.00
035 ## - SYSTEM CONTROL NUMBER
System control number A-993298, A-993297
037 ## - SOURCE OF ACQUISITION
Stock number DPL
Source of stock number/acquisition ENG
100 ## - MAIN ENTRY--PERSONAL NAME
Personal name Mathur, Vibha
245 ## - TITLE STATEMENT
Title Foreign trade in India :
Remainder of title Policy and developments 1950-2000 /
Statement of responsibility, etc by Vibha Mathur
260 ## - PUBLICATION, DISTRIBUTION, ETC. (IMPRINT)
Place of publication, distribution, etc Delhi
Name of publisher, distributor, etc New Century Publications
Date of publication, distribution, etc 2000
300 ## - PHYSICAL DESCRIPTION
Extent xvi, 181p.
Dimensions 20 cms.
942 ## - ADDED ENTRY ELEMENTS (KOHA)
Source of classification or shelving scheme Dewey Decimal Classification
Item type English Books
Classification part 382.0954
Call number suffix MAT
Holdings
Withdrawn status Lost status Not for loan Collection code Home library Current library Date acquired Cost, normal purchase price Full call number Barcode Cost, replacement price Koha item type Source of acquisition
      Non-fiction Patel Nagar Patel Nagar 12/07/2018 380.00 382.0954 MAT A-993297 380.00 English Books BPPD/PUB
      Non-fiction Sarojini Nagar Sarojini Nagar 05/05/2012 380.00 382.0954 MAT A-993298 380.00 English Books  

© Delhi Public Library
Hit Counter
free hit counter